Loading...

Parivarthan aur vikas ke samskrithik aayam /

Bibliographic Details
Main Author: Joshi, Puran Chandra
Format: Printed Book
Language:Hindi
Published: Delhi : Rajkamal , 2009.
Subjects:
LEADER 00569nam a2200169Ia 4500
008 150624b xxu||||| |||| 00| e hin d
020 |a 97881717884 
082 |a 864.6J 
100 |a Joshi, Puran Chandra 
245 |c Puran Chandra Joshi  |a Parivarthan aur vikas ke samskrithik aayam / 
260 |a Delhi :  |b Rajkamal ,  |c 2009. 
300 |a 244 p. 
546 |a In Hindi. 
650 |v Essays 
942 |c BK 
999 |c 93428  |d 93428 
952 |0 0  |1 0  |4 0  |6 864_000000000000000_6J_PAR_H  |7 0  |9 93370  |a UL  |b UL  |c ST1  |d 2011-04-06  |e THEBS   |l 0  |o 864.6J PAR H  |p 85291  |r 2012-10-27  |v 300.00  |w 2012-10-27  |y BK